| 000 | 00966na a2200289 4500 | ||
|---|---|---|---|
| 001 | 17192 | ||
| 003 | MIRAKIL | ||
| 005 | 20181213155239.0 | ||
| 008 | 161023b tu 000 0 | ||
| 020 | _a9758112783 | ||
| 035 | _a17192 | ||
| 040 |
_aMilas _btur _cTR-AnCHP |
||
| 041 | _atur | ||
| 082 |
_a330.95654 _bD63 2006 |
||
| 090 | _a330.95654 D63 2006 | ||
| 245 |
_aDoğu ve Güneydoğu Anadolu'da sosyal ve ekonomik öncelikler _bTESEV araştırması _cOrhan Kurmuş ... [vb.] ; yayına hazırlayan Elif Kalaycıoğlu |
||
| 260 |
_aİstanbul _bTESEV Yayınları _c2006 |
||
| 300 |
_a152 s. _btbl. _c29 sm. |
||
| 504 | _aKaynakça var. | ||
| 651 |
_aTürkiye _xToplumsal Yapı _yGüneydoğu Anadolu |
||
| 651 |
_aTürkiye _xToplumsal Yapı _zDoğu Anadolu |
||
| 651 |
_aTürkiye _xEkonomik durum _zDoğu Anadolu |
||
| 651 |
_aTürkiye _xEkonomik durum _zGüneydoğu Anadolu |
||
| 700 | _aKurmuş, Orhan | ||
| 700 | _aKalaycıoğlu, Elif | ||
| 942 |
_2dcc _cBKS |
||
| 999 |
_c9224 _d9224 |
||